Every Major City in Uzbekistan - Statistics

General Stats
  • This quiz has been taken 6 times
  • The average score is 3 of 8
Answer Stats
Answer % Correct
Tashkent
100%
Nukus
50%
Andijan
33%
Namangan
33%
Fergana
17%
Samarqand
17%
Kokland
0%
Qarshi
0%
No matching quizzes found
Score Distribution
Percent of People with Each Score
Percentile by Number Answered
Your Score History
You have not taken this quiz